| 000 | 00458nam a22001577a 4500 | ||
|---|---|---|---|
| 008 | 150704s2008 hk ||||| |||| 00| 0 chi d | ||
| 020 | _a978962208733 | ||
| 050 | _aBS1465.6.L4 | ||
| 100 | 1 | _aPeterson, Eugene H | |
| 245 | 1 | 0 |
_a讀箴言‧學領導 : _b猶太領導智慧 =The message of leadership / _c畢德生 ,薩瑟恩著 ;龔嘉慧譯 . |
| 250 | _a初版 . | ||
| 260 | 1 | _a2008 | |
| 300 | _a168 p. | ||
| 490 | 1 | _a信仰在職系列 | |
| 942 |
_2lcc _cBK |
||
| 999 |
_c39306 _d39306 |
||